000 00855nam a22003017a 4500
001 0001946
003 KOHA_MİRAKIL
005 20260207001255.0
007 ta
008 090220b1987 tu |||gr||||#||||0|tur |
020 _cTL0,01
040 _aTR-BiSEU
_btur
_cTR-BiSEU
_erda
041 0 _atur
044 _ctu
050 _aTA775
_b.K67 1987
100 1 _aKöseoğlu, Sadık.
245 1 _aTemeller statiği ve konstruksiyonu/
_cSadık Köseoğlu ; Sadık Köseoğlu.
250 _aGenişl. ve yeniden düzenlenmiş 3. bs.
264 1 _aİstanbul :
_bMatbaa Teknisyenleri Basımevi
_c1987
300 _ac.
336 _ametin
_btxt
_2rdacontent
337 _aaracısız
_bn
_2rdamedia
338 _acilt
_bnc
_2rdacarrier
500 _aKaynakça var.
500 _ac. 1. Temel bilgiler.
650 0 _aTemeller.
_91544
942 _2lcc
_cBK
999 _c1933
_d1933